000 01262nam a2200313 c 4500
003 BLK
005 20180422103935.0
008 180408b bul|||||r ||||||| ||bul||
010 _aKNG00085705000
020 _a978-954-384-003-8
_bиздат.: Small Stations Press
040 _aBLK
041 _aBUL
_cBUL
080 _aАмериканска литература (на САЩ)
_b821.111(73)
_x-1(081.2)
_z821.111(73)-1(081.2)
100 1 _aКарвър, Реймънд
_eпърви автор
_977021
700 1 _aДън, Джонатан
_eпредг. от
_9372418
700 1 _aЕленкова, Цветанка Стефанова
_eпрев.
_9372419
139 _aКарвър, Реймънд
_bК 38
245 1 0 _aКъсмет
_bИзбрани стихотворения
_cРеймънд Карвър; предг. от Джонатан Дън; прев. Цветанка Стефанова Еленкова.
257 _aUSA
260 София
_bSmall Stations Press
_c2007
_fСофия : Симолини
300 _a96 с.
_c22 см
380 _aX
500 _aОриг. загл. Luck / Raymond Carver
852 _aЦб 241387
856 4 _qpdf
_u
856 4 _qpdf
_u
942 _cKNG
_n0
944 _aCR
_c19.09.2008
_kМилена_Ачева
944 _aED
_c26.01.2009
_k
999 _c81206
_d81206